000 00535nam a2200217Ia 4500
001 13336
003 GE_BSU
008 181216s||||||||xx |||||||||||||| ||und||
020 _a0007123396
040 _cGE_BSU
080 _a821.111-312.4
100 _aHill,Beginald.
245 _aDeath's Jest-book.
245 _bFeaturing Dalziel and Pascoe.
260 _aLondon.
260 _bHarper Collins Publishers.
260 _c2002
300 _a557p;24cm.
653 _aDeath's Jest-book.Featuring Dalziel and Pascoe.
942 _cBK
999 _c46497
_d46497